Deutsches Präposition(ドイツ語の前置詞) - Statistics

General Stats
  • This quiz has been taken 70 times
  • The average score is 15 of 27
Answer Stats
Answer Hint % Correct
in …の中
76%
unter …の下
76%
mit …とともに
72%
seit …以来
69%
bei …のそばに、…の時には
66%
ohne …なしで
66%
auf …の上に
62%
hinter …の後ろ
62%
über …の上方に
62%
von …から
62%
zu …へ、…に
62%
nach …の方向に、…の後
59%
trotz …にも拘らず
59%
vor …の前
59%
durch …を通して、…を通り抜けて
55%
für …に向けて、…のために
55%
aus …の中から
52%
um …の周りに
52%
während …の間(時間的)
52%
gegen …に対して
48%
neben …の横
48%
statt …の代わりに
45%
wegen …故に
38%
an …に接して、…沿いに
34%
innerhalb …の内側に
34%
außerhalb …の外側に
31%
zwischen …の間(空間的)
31%
No matching quizzes found
Score Distribution
Percent of People with Each Score
Percentile by Number Answered
Your Score History
You have not taken this quiz